आधुनिक भाषा शिक्षण / (Record no. 112456)

MARC details
000 -LEADER
fixed length control field 01146nam a22002657a 4500
005 - DATE AND TIME OF LATEST TRANSACTION
control field 20170124102939.0
010 ## - LIBRARY OF CONGRESS CONTROL NUMBER
LC control number B-051112
020 ## - INTERNATIONAL STANDARD BOOK NUMBER
Terms of availability 200.00
International Standard Book Number 8185727902
035 ## - SYSTEM CONTROL NUMBER
System control number B-051112
037 ## - SOURCE OF ACQUISITION
Source of stock number/acquisition Cen Lib/Ret
040 ## - CATALOGING SOURCE
Original cataloging agency DPL
Language of cataloging HN
082 ## - DEWEY DECIMAL CLASSIFICATION NUMBER
Classification number 372.6
Item number भाटिया
100 ## - MAIN ENTRY--PERSONAL NAME
Personal name भाटिया, कैलाशचन्द्र
9 (RLIN) 44174
245 ## - TITLE STATEMENT
Title आधुनिक भाषा शिक्षण /
Statement of responsibility, etc कैलाशचन्द्र भाटिया
246 ## - VARYING FORM OF TITLE
Title proper/short title Adhunik bbhasha shikshan /
Remainder of title by Kailashchandra Bhatiya
260 ## - PUBLICATION, DISTRIBUTION, ETC. (IMPRINT)
Place of publication, distribution, etc नयी दिल्ली
Name of publisher, distributor, etc तक्षिला प्रकाशन
Date of publication, distribution, etc 2001
270 ## - ADDRESS
Address 23/4761, अंसारी रोड, दरिया गंज
City नयी दिल्ली
Postal code 110002
300 ## - PHYSICAL DESCRIPTION
Extent 160पृ.
Dimensions 21सेमी (सजिल्द)
500 ## - GENERAL NOTE
General note परिशिष्ट शामिल
650 ## - SUBJECT ADDED ENTRY--TOPICAL TERM
Topical term or geographic name as entry element शिक्षा
Geographic subdivision भारत
9 (RLIN) 47648
650 ## - SUBJECT ADDED ENTRY--TOPICAL TERM
Topical term or geographic name as entry element भाषा-शिक्षण
9 (RLIN) 3679
650 ## - SUBJECT ADDED ENTRY--TOPICAL TERM
Topical term or geographic name as entry element Education
Geographic subdivision India
9 (RLIN) 8226
650 ## - SUBJECT ADDED ENTRY--TOPICAL TERM
Topical term or geographic name as entry element language Teaching
9 (RLIN) 45124
942 ## - ADDED ENTRY ELEMENTS (KOHA)
Source of classification or shelving scheme Dewey Decimal Classification
Koha item type Hindi Books
Classification part 372.6
Call number suffix भाटिया
Holdings
Withdrawn status Lost status Damaged status Not for loan Home library Current library Date acquired Source of acquisition Cost, normal purchase price Total Checkouts Total Renewals Full call number Barcode Date last seen Date checked out Copy number Cost, replacement price Price effective from Koha item type
        Central Library Central Library 08/08/2015 Cen Lib/Ret 200.00 1 2 372.6 भाटिया B-051112 08/12/2019 04/11/2019 1 200.00 08/08/2015 Hindi Books

© Delhi Public Library
Hit Counter
free hit counter